| 000 | 00476nam a2200169 i 4500 | ||
|---|---|---|---|
| 001 | 24608 | ||
| 003 | ES-MaACL | ||
| 005 | 20230906153059.0 | ||
| 007 | t| | ||
| 008 | 021218s1968 sp ||||1| spa d | ||
| 100 | 1 |
_aAparicio López, Octavio. _922068 |
|
| 245 | 1 | 0 |
_aCurarse en salud... / _cOctavio Aparicio López. |
| 260 |
_aMadrid : _b[s.n., _c1968] ( _fGráf. Torroba) |
||
| 300 |
_a80 p. ; _c17 cm. |
||
| 500 | _aEs el volumen I. | ||
| 852 |
_aES-MaACL _jC-36710 _bR.66749 |
||
| 999 |
_c24608 _d24608 |
||